00272pam a2200121 a 4500020000500000041000800005082001700013100002200030245004300052250001000095260003200105300001300137 c aeng a576.163bWIL aWilliam Frazier . aFood Microbiology hTextual Documents a2007. aNew DelhibTata McGraw Hill a539 pg .